48 - Né(es) un 17 février - Statistiques

Statistiques générales
  • Ce quiz a été pris 14 fois
  • Le résultat moyen est 5 sur 19
Statistiques - réponses
Hint Année de naissance Réponse % Correct
Homme politique français dont le nom est associé à une ligne de défense sensée protéger la France de toute attaque militaire allemande ou italienne. 1877 André Maginot
85%
Judoka et homme politique français. Ancien ministre des sports et double champion olympique. 1969 David Douillet
77%
Américaine. Connue pour son "That's hot!". Porte le nom d'une chaîne d'hôtels. 1981 Paris Hilton
77%
Joueur de basket ball américain. Légende de l'équipe des Bulls de Chicago. Il fit partie de la Dream Team lors des Jeux Olympiques en 1992. 1963 Michael Jordan|MJ
62%
Patineur français reconverti consultant sur France 2. Remporta deux médailles de bronze aux Jeux Olympiques. 1972 Philippe Candeloro
54%
Auteur-compositeur-interprète anglais. Connu notamment pour "Sing", "Don't", "Photograph", "Thinking Out Loud". 1991 Edward Christopher Sheeran|Ed Sheeran
38%
Acteur français. Vu dans "Trois hommes et un couffin", "Mélo", "Un cœur en hiver", "On connaît la chanson", "Les Enfants du marais", "La Chambre des officiers", "Tanguy" et "Tais-toi". 1946 André Dussollier
23%
Acteur américain. Vu dans "(500) jours ensemble", "Inception", "The Dark Knight Rises", "Looper", "Don Jon". 1981 Joseph Gordon-Levitt
23%
Journaliste, animateur de l'émission "L'Assiette anglaise". Il réalisa le film "Un petit jeu sans conséquence". 1945 Bernard Rapp
15%
Actrice américaine. Vue dans "Starship Troopers", "Le monde ne suffit pas" et "Sexcrimes". 1971 Denise Richards
15%
Homme de cirque français qui fut directeur du Cirque d'Hiver à Paris. 1904 Joseph Bouglione
15%
Médecin français, créateur du diagnostic médical par auscultation grâce à l'invention du stéthoscope. 1781 René Laennec
15%
Membre du groupe comique "Les Charlots". Il eut un des rôles principaux dans la série "Marc et Sophie". 1943 Gérard Rinaldi
8%
Acteur américain. Vu notamment dans "Les Hommes du président", "La Firme". Nommé à l'Oscar du meilleur acteur dans un second rôle pour son rôle dans "Into the wild". 1925 Hal Holbrook
8%
Réalisateur américain. Spécialiste des films spectaculaires tels que "Bad Boys", "Rock", "Armageddon", "Pearl Harbor", "The Island", "Transformers", "No Pain No Gain", "Ambulance". 1965 Michael Bay
8%
Actrice américaine vue dans " L'Arme fatale", "Dans la ligne de mire", "Alerte !", "La Rançon", "Thomas Crown", "Showtime", "Thor", "Night Call". 1954 Rene Russo
8%
Épouse d'un chimiste et homme politique dont elle porte le nom. Première femme inhumée au Panthéon. Nièce de Louis Bréguet. 1837 Sophie Berthelot|Sophie Caroline Niaudet
8%
Joueur de rugby. Talonneur. Champion d'Angleterre en 2008. Vainqueur de la coupe d'Europe en 2007. Il entraîna l'Union Bordeaux Bègles de 2012 à 2017. 1973 Raphaël Ibanez
0%
Dirigeant de chaîne de télévision de 2010 à 2015 après avoir été patron de presse à "L'Alsace". 1954 Rémy Pflimlin
0%
Aucun quiz correspondant
Distribution des résultats
% des personnes avec chaque résultat
Percentile par nombre de réponses
Votre historique - résultats
Vous n’avez pas pris ce quiz